000 00745nam a2200265 i 4500
001 C2-0294286
003 PPAK
005 20180728030029.0
008 090209s2008 my a|||| ||||| | may d
020 _a9789833859368
040 _aPPAK
_beng
_cPPAK
_erda
082 0 4 _a899.233
_223
090 0 0 _a899.233
_bHAK
_dK
100 0 _aHakimi Muhammad,
_eauthor
245 1 0 _aCekal
264 1 _aMelaka :
_bAssociated Educational Distributors ,
_c2008
300 _a100 pages :
_billustrations ;
_c19 cm
336 _2rdacontent
_atext
337 _2rdamedia
_aunmediated
338 _2rdacarrier
_avolume
490 1 _aSiri cereka bunga bangsa
650 1 0 _aChildren's stories, Malay
830 0 _aSiri cereka bunga bangsa
942 _ddc
_cB
999 _c98937
_d98937